[Event "GRE-chT 40th"]
[Site "Achaia"]
[Date "2012.07.03"]
[Round "5.14"]
[White "Androni, Konstantina"]
[Black "Douni, Konstantina"]
[Result "1-0"]
[WhiteElo "1910"]
[BlackElo "1313"]
[PlyCount "59"]
[EventDate "2012.06.30"]
[EventType "team-swiss"]
[EventRounds "7"]
[EventCountry "GRE"]
[SourceTitle "CBM 149 Extra"]
[Source "ChessBase"]
[SourceDate "2012.08.24"]
[SourceVersion "1"]
[SourceVersionDate "2012.08.24"]
[SourceQuality "1"]
[WhiteTeam "Koropiou"]
[BlackTeam "Pan GA"]
[WhiteTeamCountry "GRE"]
[BlackTeamCountry "GRE"]

1. e4 e6 2. Nc3 d5 3. exd5 exd5 4. d4 Nf6 5. Bd3 h6 6. Nf3 c5 7. 0-0 Nc6 8. Re1+ Be6 9. Bf5 Qd7 10. dxc5 Bxc5 11. Qe2 Nd8 12. Bf4 0-0 13. Bxe6 Nxe6 14. Be5 Ng4 15. Bg3 Rae8 16. Qd2 Rd8 17. Rad1 d4 18. Ne4 Bb6 19. h3 Nf6 20. Nxf6+ gxf6 21. Qxh6 Rfe8 22. Qxf6 Kf8 23. Qh8+ Ke7 24. Bh4+ Kd6 25. Qe5+ Kc6 26. Bxd8 Qxd8 27. a4 Nc7 28. Qf5 Re7 29. Ne5+ Kd6 30. Nxf7+ 1-0